LIBRARY & INFORMATION CENTRE, KCAET, TAVANUR

ONLINE PUBLIC ACCESS CATALOGUE (OPAC)

Water supply and sanitary engineering (Environmental engineeering) / (Record no. 12167)

MARC details
000 -LEADER
fixed length control field 00494cam a2200181ua 4500
003 - CONTROL NUMBER IDENTIFIER
control field OSt
008 - FIXED-LENGTH DATA ELEMENTS--GENERAL INFORMATION
fixed length control field 240119b |||||||| |||| 00| 0 eng d
020 ## - INTERNATIONAL STANDARD BOOK NUMBER
ISBN 9789380358246
041 ## - LANGUAGE CODE
Language code of text/sound track or separate title eng
082 ## - DEWEY DECIMAL CLASSIFICATION NUMBER
Classification number 628.01
Item number RAN/WA
100 ## - MAIN ENTRY--AUTHOR NAME
Personal name Rangwala, S C.
245 ## - TITLE STATEMENT
Title Water supply and sanitary engineering (Environmental engineeering) /
250 ## - EDITION STATEMENT
Edition statement 25
260 ## - PUBLICATION, DISTRIBUTION, ETC. (IMPRINT)
Place of publication Anand :
Name of publisher Charotar publishing house ,
Year of publication 2003.
-- 2011
300 ## - PHYSICAL DESCRIPTION
Number of Pages 798 ; .
520 ## - SUMMARY, ETC.
Summary, etc Environmental Engineering
942 ## - ADDED ENTRY ELEMENTS (KOHA)
Koha item type Books
Holdings
Withdrawn status Lost status Damaged status Home library Current library Date acquired Full call number Accession Number Koha item type Shelving location Collection code Source of acquisition Cost, normal purchase price
      KAUAET KAUAET 07/04/2012 628.01 20871 Books        
      KAUAET KAUAET 07/04/2012 628.01 20945 Books        
      KAUAET KAUAET 07/04/2012 628.01 20944 Books        
      KAUAET KAUAET 07/04/2012 628.01 20943 Books        
      KAUAET KAUAET 07/04/2012 628.01 20947 Books Binding Shelf      
Withdrawn     KAUAET KAUAET 07/04/2012 628.01 20946 Books Binding Shelf      
      KAUAET KAUAET 07/04/2012 628.01 21693 Reference Binding Shelf      
      KAUAET KAUAET 07/04/2012 628.01 21690 Books Binding Shelf      
      KAUAET KAUAET 07/04/2012 628.01 21691 Books        
      KAUAET KAUAET 07/04/2012 628.01 RAN/WA 21692 Books        
      KAUAET KAUAET 07/04/2012 628.01 RAN/WA 21498 Books        
      KAUAET KAUAET 31/03/2012 628.01 RAN/WA 22530 Books General Stacks Non-fiction    
      KAUAET KAUAET 31/03/2012 628.01 RAN/WA 22531 Books General Stacks Non-fiction    
      KAUAET KAUAET 31/03/2012 628.01 RAN/WA 22532 Books General Stacks Non-fiction    
      KAUAET KAUAET 31/03/2012 628.01 RAN/WA 22533 Books General Stacks Non-fiction    
      KAUAET KAUAET 31/03/2012 628.01 RAN/WA 22534 Books General Stacks Non-fiction    
      KAUAET KAUAET 31/03/2012 628.01 RAN/WA 22535 Books General Stacks Non-fiction    
      KAUAET KAUAET 31/03/2012 628.01 RAN/WA 22536 Books General Stacks Non-fiction    
      KAUAET KAUAET 31/03/2012 628.01 RAN/WA 22537 Books General Stacks Non-fiction    
      KAUAET KAUAET 31/03/2012 628.01 RAN/WA 22538 Books General Stacks Non-fiction    
      KAUAET KAUAET 31/03/2012 628.01 RAN/WA 22539 Books General Stacks Non-fiction    
      KAUAET KAUAET 13/03/2013 628.01 RAN/WA BB 239 Book Bank scheme for SC students Scheme Non-fiction Calicut Book Distributors 200.00
      KAUAET KAUAET 13/03/2013 628.01 RAN/WA BB 240 Book Bank scheme for SC students Scheme Non-fiction Calicut Book Distributors 200.00
      KAUAET KAUAET 30/03/2013 628.01 RAN/WA 24142 Books General Stacks Non-fiction Aman Book Stall, Calicut 200.00
      KAUAET KAUAET 30/08/2016 628.01 RAN/WA 24644 Books        
      KAUAET KAUAET 13/09/2018 628.01 RAN/WA BB 309 Books Scheme      
free website counter